| 000 | 00643nam a2200217 a 4500 | ||
|---|---|---|---|
| 001 | 000022545 | ||
| 005 | 20200930021652.0 | ||
| 008 | 101013s2000 sp 001 0 spa d | ||
| 020 | _a8476308485 | ||
| 040 |
_aDO-SdBNP _bspa _cBNPHU |
||
| 082 |
_axxxx _bC157d |
||
| 100 | 1 |
_aCalles Vales, José _946401 |
|
| 245 | 1 | 0 |
_aDichos y frases hechas / _cJosé Calles Vales y Belén Bermejo Meléndez. |
| 260 |
_aAlcobendas, Madrid : _bLIBSA, _c2000. |
||
| 300 |
_a320 p. ; _c25 cm. |
||
| 490 | 1 | _aLengua Española | |
| 500 | _aIncluye índice | ||
| 700 | 1 |
_aBermejo Meléndez, Belén _946402 |
|
| 830 | 0 |
_aLengua Española _946403 |
|
| 049 | _aBNPD | ||
| 999 |
_c22042 _d22042 |
||